000 00402nam a2200145Ia 4500
008 100122s9999 xx 000 0 und d
082 _b1539
_a823
100 _aभिडे भि गो
245 _aमुकूरमणी
260 _bप्रकाशक शोधणे
_c1924
300 _a55
630 _aमुकूरमणी
730 _aमुकूरमणी
942 _cBOOK
999 _c396272
_d396269